| 000 | 00342nam a22001457a 4500 | ||
|---|---|---|---|
| 008 | 230419b ||||| |||| 00| 0 eng d | ||
| 020 | _a9781442214200 | ||
| 041 | _aeng | ||
| 080 |
_2SECOND EDITION _a94 |
||
| 082 | _a94MOG | ||
| 100 | _a28 | ||
| 101 | _aHISTO | ||
| 245 |
_aGLOBALIZATION SOCIAL MOVEMENTS _cMOGHADAM.M.V |
||
| 942 |
_2udc _cBK |
||
| 999 |
_c59597 _d59597 |
||